Biggest Club Legend by Football Club According to AI #1 - Statistics

General Stats
  • This quiz has been taken 1,164 times
  • The average score is 8 of 20
Answer Stats
Club Legend % Correct
Real Madrid Cristiano Ronaldo
97%
AFC Ajax Johan Cruyff
81%
Santos Pelé
73%
Liverpool Steven Gerrard
73%
Chelsea Frank Lampard
70%
AC Milan Paolo Maldini
70%
FC Bayern Munich Franz Beckenbauer
65%
Borussia Dortmund Marco Reus
56%
Benfica Eusébio
53%
Manchester United Bobby Charlton
46%
Atlético de Madrid Fernando Torres
24%
Olympique de Marseille Jean-Pierre Papin
21%
Olympique Lyonnais Juninho Pernambucano
21%
Galatasaray Hakan Şükür
11%
Dynamo Kyiv Oleg Blokhin
5%
River Plate Enzo Francescoli
4%
Celtic Jimmy Johnstone
3%
Bayer Leverkusen Ulf Kirsten
3%
Feyenoord Coen Moulijn
2%
Villarreal Bruno Soriano
1%
No matching quizzes found
Score Distribution
Percent of People with Each Score
Percentile by Number Answered
Your Score History
You have not taken this quiz